000 00482nam a2200145 a 4500
001 000033274
005 20240308073621.0
008 110823s1916 cu c 000 0 spa d
040 _aDO-SdBNP
_bspa
_cBNPHU
082 _axxxx
_bC422
100 1 _aCestero, Tulio M.,
_q(Tulio Manuel),
_d1877-1955
_91698
245 1 0 _aRuben Dario :
_b(El hombre y el poeta) /
_cTulio M. Cestero.
260 _aLa Habana, Cuba :
_bBiblioteca del Heraldo de Cuba,
_c1916.
300 _a19 p. :
_bretr. ;
_c21 cm.
999 _c32765
_d32765